NMIXX - All Songs (Oct. 2025) - Statistics

General Stats
  • This quiz has been taken 95 times
    51 since last reset
  • The average score is 34 of 46
Answer Stats
KISS OF LIFE % Correct
O.O
100%
DASH
97%
Blue Valentine
94%
DICE
94%
Love Me Like This
94%
TANK
90%
Roller Coaster
87%
High Horse
84%
KNOW ABOUT ME
84%
Young, Dumb, Stupid
84%
Papillon
81%
Party O'Clock
81%
Passionfruit
81%
Soñar (Breaker)
81%
SPINNIN' ON IT
81%
Cool (Your rainbow)
77%
Ocean
77%
RICO
77%
Run For Roses
77%
See that?
77%
BOOM
74%
PAXXWORD
74%
Slingshot (<★)
74%
Crush On You
71%
HOME
71%
My Gosh
71%
PODIUM
71%
Reality Hurts
71%
XOXO
71%
ADORE U
68%
Break the Wall
68%
Funky Glitter Christmas
68%
Golden Recipe
68%
Love is Lonely
68%
Red light sign, but we go
68%
SICKUHH (Feat. Kid Milli)
68%
Phoenix
65%
Shape of Love
65%
Kiss
61%
MEXE
61%
Moving On
61%
Game Face
58%
BEAT BEAT
55%
FEIFEI
55%
Just Did It
55%
Come On
48%
No matching quizzes found
Score Distribution
Percent of People with Each Score
Percentile by Number Answered
Your Score History
You have not taken this quiz since the last reset